| 000 | 00355 a2200133 4500 | ||
|---|---|---|---|
| 005 | 20250701090144.0 | ||
| 020 | _a0-13-013304-4 | ||
| 082 | _a650.1 KEY | ||
| 111 | _aKeys to Business Success | ||
| 245 | _aKeys to Business Success, | ||
| 260 |
_aLondon, _bPrentice Hall, _c2000. |
||
| 300 |
_axvi.; 302p.; figure.; picture, _bIndex, _c28cm. |
||
| 942 |
_2ddc _cBKS |
||
| 999 |
_c6495 _d6495 |
||